000
003150000a22001450004500
003
MACL
040
_a
MACL
090
_c
32911
_d
32909
100
_a
Dodeja, manish
245
_a
Ventura Publisher
_b
Test
260
_b
BP B Publications
_c
1993
350
_a
54
650
_a
Computer science
942
_c
BOOK
_k
004/Dop
999
_c
32574
_d
32574